[Event "1994/95 Cepacol Australian Open"]
[Site "Kings Perth Hotel"]
[Date "1994.12.29"]
[Round "2"]
[White "Baumgartner, Robert"]
[Black "Koshnitsky, Ngan"]
[Result "0-1"]
[WhiteElo "1657"]
[BlackElo "1948"]

1.e4 c5 2.d4 cxd4 3.c3 dxc3 4.Nxc3 g6 5.Nf3 Bg7 6.Bc4 Nf6 7.e5 Ng8 8.O-O 
Nh6 9.Qe2 O-O 10.Rd1 Nc6 11.Bg5 Nf5 12.e6 fxe6 13.Bxe6+ Kh8 14.Nb5 a6 15.
Bxf5 axb5 16.Be4 Qe8 17.Qxb5 Ra5 18.Qb6 Rxf3 19.Bxc6 Rff5 20.Bxd7 Bxd7 21.
Qxb7 Rxg5 22.Rxd7 Bf6 23.Rad1 Kg7 24.f4 Rgb5 25.Qc7 Rc5 26.Qb7 Rab5 27.Qa7
Rc2 28.Re1 Kf7 29.g4 h6 30.b3 Rbc5 31.Rdd1 Qc6 0-1

[Event "1994/95 Cepacol Australian Open"]
[Site "Kings Perth Hotel"]
[Date "1994.12.29"]
[Round "2"]
[White "Wastell, Gary"]
[Black "Suchalla, Max"]
[Result "1-0"]
[WhiteElo "1864"]
[BlackElo "1638"]

1.e4 e5 2.Nf3 Nc6 3.Bb5 Nd4 4.Nxd4 exd4 5.O-O Qg5 6.Be2 d6 7.d3 Qg6 8.f4 
h5 9.c3 dxc3 10.bxc3 Bg4 11.f5 Bxe2 12.fxg6 Bxd1 13.gxf7+ Kd7 14.fxg8=Q 
Rxg8 15.Rxd1 Be7 16.Be3 b6 17.Nd2 Bf6 18.Rac1 Rae8 19.d4 Re7 20.c4 c5 21.
dxc5 dxc5 22.e5 Bxe5 23.Nf3+ Kc6 24.Nxe5+ Rxe5 25.Bf4 Re4 26.Rd6+ Kb7 27.
Rd7+ Ka8 28.Bg5 Re2 29.Rd2 Re4 30.Rcc2 Ree8 31.Re2 Rc8 32.Rcd2 Rc7 33.Re7 
Rxe7 34.Bxe7 Kb7 35.Rd8 Rxd8 36.Bxd8 Ka6 37.Kf2 Ka5 38.Ke2 Kb4 39.Kd3 Ka3 
40.Bc7 Kxa2 41.Bb8 a6 42.Ba7 Kb3 43.Bxb6 Kb4 44.Bc7 a5 45.Be5 g6 46.Bc3+ 
Ka4 47.h4 Kb3 48.Bxa5 Ka4 49.Bb6 Kb4 50.Ba7 Ka5 51.Bxc5 Ka6 52.Kd4 Kb7 53.
Kd5 Kc7 54.Bd6+ Kd7 55.c5 Kc8 56.Kc6 Kd8 57.Kb7 1-0

[Event "1994/95 Cepacol Australian Open"]
[Site "Kings Perth Hotel"]
[Date "1994.12.29"]
[Round "2"]
[White "Andrews, Charlie"]
[Black "Lilly, Richard"]
[Result "0-1"]
[WhiteElo "1577"]
[BlackElo "1830"]

1.e4 e6 2.Nf3 c5 3.g3 Nc6 4.Bg2 g6 5.O-O Bg7 6.c3 Nge7 7.d4 b6 8.Na3 O-O 
9.Be3 d6 10.e5 cxd4 11.cxd4 dxe5 12.Nxe5 Bb7 13.f4 Na5 14.Bxb7 Nxb7 15.Qf3
Nd6 16.Rac1 Ndf5 17.Rfd1 Nd5 18.Bf2 Qd6 19.Nac4 Qb4 20.g4 Nfe7 21.b3 f6 
22.a3 Qb5 23.a4 Qa6 24.Nd3 Qb7 25.f5 exf5 26.gxf5 Qd7 27.fxg6 hxg6 28.Kh1 
Qf5 29.Qg2 Rad8 30.Ne3 Nxe3 31.Bxe3 Nd5 32.Bf2 Rfe8 33.Rd2 Bh6 34.Rf1 Bxd2
35.Bg1 Qxd3 0-1

[Event "1994/95 Cepacol Australian Open"]
[Site "Kings Perth Hotel"]
[Date "1994.12.29"]
[Round "2"]
[White "McMahon, Denis"]
[Black "Field, Jason"]
[Result "0-1"]
[WhiteElo "1560"]
[BlackElo "1786"]

1.e4 e6 2.d3 c5 3.g3 d5 4.Nd2 Nc6 5.Ngf3 Nf6 6.Bg2 Be7 7.O-O O-O 8.Re1 Qc7
9.Ng5 b5 10.f4 c4 11.Ndf3 cxd3 12.cxd3 dxe4 13.dxe4 Bc5+ 14.Kh1 Ng4 15.Nh3
Rd8 16.Qe2 Ba6 17.Bd2 Qb6 18.e5 b4 19.Qe4 Bd3 0-1

[Event "1994/95 Cepacol Australian Open"]
[Site "Kings Perth Hotel"]
[Date "1994.12.29"]
[Round "2"]
[White "Fonteneau, Andrew"]
[Black "Silas, Frank"]
[Result "1-0"]
[WhiteElo "1482"]
[BlackElo "1780"]

1.e4 e5 2.Nf3 d6 3.d4 f5 4.Nc3 Nc6 5.dxe5 dxe5 6.Qxd8+ Kxd8 7.Bg5+ Nf6 8.
O-O-O+ Bd6 9.Bb5 Ke7 10.Bxc6 bxc6 11.exf5 h6 12.Bh4 Bxf5 13.Rhe1 Bg4 14.
Rd3 Bxf3 15.Rxf3 g5 16.Bg3 Nd7 17.Rfe3 Rhf8 18.f3 a5 19.Ne4 a4 20.Nf2 h5 
21.Nd3 Rf5 22.Nxe5 Nxe5 23.Bxe5 Kd7 24.Bxd6 Kxd6 25.Rd1+ Rd5 26.Red3 Ra5 
27.Rxd5+ cxd5 28.c4 Rc5 29.Rxd5+ Rxd5 30.cxd5 Kxd5 31.Kd2 Kd4 32.g3 c6 33.
f4 gxf4 34.gxf4 h4 35.b3 axb3 36.a4 Ke4 37.a5 Kxf4 38.a6 Kg4 39.a7 Kh3 40.
a8=Q Kxh2 41.Qxc6 h3 42.Ke2 b2 43.Qd6+ Kg2 44.Qd5+ Kg1 45.Qd4+ Kg2 46.Qd1 
Kh2 47.Qe1 Kg2 48.Qf1+ Kh2 49.Qb1 Kg2 50.Qxb2 h2 51.Qb7+ Kg1 52.Qb6+ Kh1 
53.Qc6+ Kg1 54.Qc5+ Kh1 55.Qd5+ Kg1 56.Qd4+ Kh1 57.Qe4+ Kg1 58.Qe3+ Kh1 
59.Qf3+ 1-0

[Event "1994/95 Cepacol Australian Open"]
[Site "Kings Perth Hotel"]
[Date "1994.12.29"]
[Round "2"]
[White "Hirschhorn, Jeremy"]
[Black "Van Rooy, Andrew"]
[Result "1-0"]
[WhiteElo "1987"]
[BlackElo "1676"]

1.e4 c5 2.Nf3 e6 3.d4 cxd4 4.Nxd4 Nf6 5.Nc3 Nc6 6.Ndb5 d6 7.Bf4 e5 8.Bg5 
a6 9.Na3 Be7 10.Nc4 b5 11.Bxf6 gxf6 12.Ne3 Qa5 13.Bd3 Be6 14.O-O Rc8 15.
Ncd5 h5 16.c3 Kd7 17.b4 Qd8 18.a4 Rb8 19.axb5 axb5 20.Qe2 Ke8 21.Bxb5 Bd7 
22.Nf5 Rxb5 23.Qxb5 Nd4 24.Qd3 Nxf5 25.exf5 Qb8 26.Ra8 1-0

[Event "1994/95 Cepacol Australian Open"]
[Site "Kings Perth Hotel"]
[Date "1994.12.29"]
[Round "2"]
[White "Lubtschenko, Wally"]
[Black "Tindall, Brett"]
[Result "0-1"]
[WhiteElo "1622"]
[BlackElo "1851"]

1.d4 Nf6 2.c4 c5 3.dxc5 Qa5+ 4.Bd2 Qxc5 5.e3 g6 6.Nc3 Bg7 7.b4 Qf5 8.Rc1 
O-O 9.Nf3 Nc6 10.Ne2 Ne4 11.Ng3 Nxg3 12.hxg3 d6 13.Qb3 e5 14.b5 Ne7 15.Bb4
e4 16.Bxd6 exf3 17.Bxe7 Re8 18.Bb4 Be5 19.Qc2 Qf6 20.Bc3 Bg4 21.Bxe5 Rxe5 
22.gxf3 Qxf3 23.Rh2 Rxe3+ 24.fxe3 Qxe3+ 25.Re2 Qxg3+ 26.Rf2 Re8+ 27.Be2 
Bxe2 28.Qxe2 Rxe2+ 29.Kxe2 Qa3 30.Rc2 h5 31.Rf3 Qc5 32.Kd3 Qd6+ 33.Ke3 
Qe5+ 34.Kd3 f5 35.Rcf2 Qe4+ 36.Kc3 Kf7 37.Rf4 Qe3+ 38.Kc2 Qa3 39.Kd1 Qc3 
40.Ke2 Kf6 41.Kd1 Qa1+ 42.Kc2 Qxa2+ 43.Kc3 Qa3+ 44.Kd4 Qd6+ 45.Kc3 Qe5+ 
46.Kd3 b6 47.R4f3 Qe4+ 48.Kc3 h4 49.Rf4 Qe5+ 50.Kd3 g5 51.Rd4 h3 52.Re2 
0-1

[Event "1994/95 Cepacol Australian Open"]
[Site "Kings Perth Hotel"]
[Date "1994.12.29"]
[Round "2"]
[White "Dix, Peter"]
[Black "Ninchich, Milan"]
[Result "0-1"]
[WhiteElo "1787"]
[BlackElo "1563"]

1.e4 e5 2.Nf3 Nc6 3.Bb5 d6 4.d4 exd4 5.Nxd4 Bd7 6.Bxc6 bxc6 7.Nc3 Be7 8.
O-O Nf6 9.f4 O-O 10.h3 c5 11.Nf3 Qc8 12.e5 Ne8 13.Qe1 f6 14.exd6 Bxd6 15.
Be3 Bc6 16.Qf2 Qb7 17.Rab1 Qb4 18.Nd2 f5 19.a3 Qb7 20.g3 Rf6 21.Kh2 Rh6 
22.Rg1 Nf6 23.g4 Nxg4+ 24.Rxg4 fxg4 25.h4 Rf8 26.Kg3 Qc8 27.Nc4 Qf5 28.Ne5
0-1

[Event "1994/95 Cepacol Australian Open"]
[Site "Kings Perth Hotel"]
[Date "1994.12.29"]
[Round "2"]
[White "Stojkovski, Vlade"]
[Black "Meyer, Paul"]
[Result "0-1"]
[WhiteElo "1561"]
[BlackElo "1805"]

1.e4 e6 2.d4 d5 3.exd5 exd5 4.Nf3 Bg4 5.Be2 Be7 6.O-O Nf6 7.Nc3 O-O 8.Ne5 
Bxe2 9.Nxe2 c6 10.Nf4 Nbd7 11.Nf3 Qc7 12.h3 Bd6 13.Nd3 b5 14.a3 a5 15.Bd2 
Ne4 16.Be3 Rae8 17.c3 f5 18.Qc2 Re6 19.Rae1 Rfe8 20.Ng5 R6e7 21.Nf3 Qb8 
22.Bd2 h6 23.Nh4 Rf7 24.f4 Qd8 25.Ng6 Qf6 26.Nge5 Bxe5 27.fxe5 Qd8 28.Nf4 
Nf8 29.Bc1 Ne6 30.Nd3 Qh4 31.Qd1 Ref8 32.Nf4 Nxf4 33.Rxf4 Qe7 34.Qd3 g5 
35.Rf3 h5 36.Ref1 g4 37.hxg4 hxg4 38.Rf4 Qh4 39.Bd2 Rh7 40.Rxe4 dxe4 41.
Qe3 f4 42.Rxf4 Rxf4 43.Qxf4 Qh1+ 44.Kf2 Rf7 45.Kg3 Rxf4 46.Bxf4 Kf7 47.
Kxg4 Qxg2+ 48.Kf5 Qg6# 0-1

[Event "1994/95 Cepacol Australian Open"]
[Site "Kings Perth Hotel"]
[Date "1994.12.29"]
[Round "2"]
[White "Brockman, Roland"]
[Black "D'Souza, Betty-Jo"]
[Result "0-1"]
[WhiteElo "1532"]
[BlackElo "1207"]

1.Nc3 e5 2.Nf3 Nc6 3.d4 exd4 4.Nxd4 Nxd4 5.Qxd4 Nf6 6.Bg5 Be7 7.e3 c6 8.
Be2 d5 9.O-O O-O 10.Bd3 h6 11.Bh4 Qd6 12.e4 Ng4 13.Bg3 Qc5 14.Qxc5 Bxc5 
15.exd5 Bd7 16.Ne4 Bd4 17.c3 Be5 18.dxc6 Bxc6 19.Bxe5 Nxe5 20.Bc2 Rad8 21.
Rad1 Rfe8 22.Rfe1 Rxd1 23.Rxd1 Nc4 24.Ng3 Nxb2 25.Rb1 Nc4 26.Bd3 Nd6 27.
Kf1 g6 28.f3 f5 29.Bc4+ Nxc4 30.Rd1 Ne3+ 0-1

[Event "1994/95 Cepacol Australian Open"]
[Site "Kings Perth Hotel"]
[Date "1994.12.29"]
[Round "2"]
[White "Gough, Dylan"]
[Black "Mclean, Dougal"]
[Result "1/2-1/2"]
[WhiteElo "1124"]
[BlackElo "1467"]

1.e4 e5 2.Nf3 d6 3.h3 Nc6 4.Bc4 Be7 5.c3 Nf6 6.d3 O-O 7.O-O a6 8.Re1 Na5 
9.Nbd2 b5 10.Bb3 Nxb3 11.Nxb3 c5 12.d4 c4 13.Nbd2 Qc7 14.Nf1 Bb7 15.d5 Bc8
16.Bg5 h6 17.Bd2 Nh7 18.Ng3 Nf6 19.Nh4 Nxd5 20.Nhf5 Nf4 21.Qg4 g6 22.Bxf4 
exf4 23.Nxe7+ Qxe7 24.Qxf4 Kg7 25.Rad1 Rd8 26.Rd2 Ra7 27.Red1 Rad7 28.Qg4 
Kh7 29.Qf4 Qe5 30.Ne2 Kg7 31.Rd5 Qxf4 32.Nxf4 g5 33.Nh5+ Kg6 34.g4 f6 35.
Ng3 Bb7 36.R5d4 d5 37.Nf5 h5 38.Ne3 hxg4 39.hxg4 Rd6 40.Nxd5 R8d7 41.Ne7+ 
Rxe7 42.Rxd6 Rxe4 43.R6d4 Re2 44.R1d2 Re1+ 45.Kh2 Rh1+ 1/2-1/2

[Event "1994/95 Cepacol Australian Open"]
[Site "Kings Perth Hotel"]
[Date "1994.12.29"]
[Round "2"]
[White "Cordover, David"]
[Black "Kazemi, Houshang"]
[Result "1-0"]
[WhiteElo "1688"]
[BlackElo "1314"]

1.e4 c5 2.f4 e5 3.Nf3 exf4 4.Bc4 Qc7 5.O-O d6 6.Nc3 Nf6 7.d4 Be6 8.Nd5 Qd7
9.Qe2 Be7 10.Bb5 Nc6 11.Nxf6+ Bxf6 12.d5 Bd4+ 13.Nxd4 Bg4 14.Nf3 O-O 15.
dxc6 bxc6 16.Ba4 g5 17.Qc4 Be6 18.Qc3 f6 19.b3 Rab8 20.Bb2 h6 21.Rad1 Rb4 
22.e5 Bd5 23.Rxd5 Qf5 24.Rxd6 g4 25.exf6 Rf7 26.Rd8+ Kh7 27.Ne5 Rxf6 28.
Nxg4 Rf7 29.Qh8+ Kg6 30.Qxh6# 1-0

[Event "1994/95 Cepacol Australian Open"]
[Site "Kings Perth Hotel"]
[Date "1994.12.29"]
[Round "2"]
[White "Ellis, Tanya"]
[Black "Boyd, Tristan"]
[Result "0-1"]
[WhiteElo "919"]
[BlackElo "1443"]

1.e4 c6 2.d4 d5 3.exd5 cxd5 4.Nc3 Nf6 5.Nf3 Nc6 6.Bf4 a6 7.Bd3 Bg4 8.h3 
Bxf3 9.Qxf3 Nxd4 10.Qe3 Nc6 11.O-O d4 12.Qd2 dxc3 13.Qxc3 e6 14.Bg5 Bb4 
15.Qb3 O-O 16.Rad1 Qe7 17.c3 Bc5 18.Be4 h6 19.Bxf6 Qxf6 20.Qxb7 Ne5 21.Qc7
Rac8 22.Qa5 Nc4 23.Qxa6 Nxb2 24.Rc1 Qf4 25.Bf3 Nc4 26.Rfd1 Nd2 27.Qd3 
Nxf3+ 28.Qxf3 Qxf3 29.gxf3 Ra8 30.Ra1 Ra3 31.Rdc1 Rfa8 32.Rc2 e5 33.Kg2 f6
34.Kg3 Kf7 35.f4 Bd4 36.Re1 Rxc3+ 37.Rxc3 Bxc3 38.Re3 exf4+ 39.Kxf4 Bd2 
40.Kf3 Bxe3 41.Kxe3 Rxa2 42.f4 Ra3+ 43.Ke4 Rxh3 44.f5 h5 0-1

[Event "1994/95 Cepacol Australian Open"]
[Site "Kings Perth Hotel"]
[Date "1994.12.30"]
[Round "3"]
[White "Lilly, Richard"]
[Black "Wohl, Aleksandar H"]
[Result "1-0"]
[WhiteElo "1830"]
[BlackElo "2305"]

1.d4 Nf6 2.c4 e6 3.Nc3 Bb4 4.e3 c5 5.Nf3 Nc6 6.Bd3 d6 7.O-O Bxc3 8.bxc3 e5
9.Nd2 O-O 10.d5 Ne7 11.f4 exf4 12.exf4 Bf5 13.Nf3 Qd7 14.Nh4 Bxd3 15.Qxd3 
Qg4 16.Nf3 Rfe8 17.Bd2 Nh5 18.Ng5 Ng6 19.Rf2 h6 20.Nh3 f5 21.Raf1 Re4 22.
a4 Rae8 23.a5 Nh4 24.Kh1 Re2 25.Ng1 Rxf2 26.Rxf2 Re4 27.g3 Ng6 28.Qb1 Re7 
29.Rg2 Nf6 30.Qd3 Nf8 31.Nf3 N8d7 32.Qf1 Qh5 33.Re2 Ne4 34.Kg2 Ndf6 35.Be1
g5 36.fxg5 hxg5 37.Bd2 Rh7 38.Kg1 Nxg3 39.hxg3 Qh1+ 40.Kf2 Ne4+ 41.Rxe4 
fxe4 42.Qxh1 Rxh1 43.Nxg5 Ra1 44.Nxe4 Rxa5 45.Nxd6 Ra2 46.Ke3 b6 47.Kd3 
Kf8 48.g4 Ra1 49.g5 Rg1 50.Ke4 a5 51.Kf5 a4 52.Nb5 Kf7 53.Bf4 Rg2 54.Bc7 
Rf2+ 55.Ke5 Re2+ 56.Kd6 Rb2 57.Kc6 Rxb5 58.cxb5 a3 59.d6 a2 60.d7 a1=Q 61.
d8=Q 1-0

[Event "1994/95 Cepacol Australian Open"]
[Site "Kings Perth Hotel"]
[Date "1994.12.30"]
[Round "3"]
[White "Byrne, Stewart"]
[Black "Fonteneau, Andrew"]
[Result "1-0"]
[WhiteElo "2175"]
[BlackElo "1482"]

1.d4 Nf6 2.c4 g6 3.Nc3 d5 4.Nf3 Bg7 5.Bg5 Ne4 6.cxd5 Nxg5 7.Nxg5 e6 8.Nf3 
exd5 9.e3 O-O 10.b4 c6 11.Qb3 Bg4 12.Be2 Qe7 13.O-O Nd7 14.Na4 b5 15.Nb2 
Nb6 16.Nd3 Nc4 17.Nc5 Bxf3 18.Bxf3 Nd2 19.Qa3 Nxf1 20.Rxf1 a6 21.Nb3 Rfe8 
22.Na5 Qd6 23.Qb2 Bf8 24.a3 Ra7 25.Rc1 Rc7 26.g3 Bg7 27.Rc5 Qd7 28.Qc1 
Rec8 29.Kg2 Bf8 30.Rc3 Qe6 31.Qc2 Bg7 32.Nb3 Ra8 33.Rc5 Rac8 34.Bxd5 cxd5 
35.Rxc7 Rxc7 36.Qxc7 Qe4+ 37.f3 Qxe3 38.Qd8+ Bf8 39.Qxd5 Qe2+ 40.Kh3 Qc4 
41.Qxc4 bxc4 42.Na1 a5 43.bxa5 Bd6 44.a6 Bb8 45.Kg2 Kf8 46.Kf2 f5 47.Nc2 
Ke7 48.Nb4 Kd6 49.Ke2 g5 50.d5 Ba7 51.Nc6 Bc5 52.a7 Bxa7 53.Nxa7 Kxd5 54.
Kd2 h5 55.Nc8 Kd4 56.a4 f4 57.gxf4 gxf4 58.a5 1-0

[Event "1994/95 Cepacol Australian Open"]
[Site "Kings Perth Hotel"]
[Date "1994.12.30"]
[Round "3"]
[White "List, Ross"]
[Black "Ellis, David"]
[Result "1/2-1/2"]
[WhiteElo "1651"]
[BlackElo "1943"]

1.d4 e6 2.c4 Bb4+ 3.Bd2 Qe7 4.Bxb4 Qxb4+ 5.Qd2 Qxc4 6.e4 Qc6 7.Nc3 Nf6 8.
Bd3 O-O 9.Nf3 d6 10.e5 Ne8 11.Ne4 f5 12.Ng3 Qd7 13.Rc1 Nc6 14.Bb5 a6 15.
Bxc6 bxc6 16.Qc3 Rb8 17.O-O Qe7 18.b3 Bd7 19.Nd2 d5 20.f4 h6 21.Qa5 Ra8 
1/2-1/2

[Event "1994/95 Cepacol Australian Open"]
[Site "Kings Perth Hotel"]
[Date "1994.12.30"]
[Round "3"]
[White "Teh, Eu-Jin"]
[Black "Stubbs, Mike"]
[Result "1-0"]
[WhiteElo "1862"]
[BlackElo "1588"]

1.e4 c6 2.d4 d5 3.exd5 cxd5 4.c4 Nf6 5.Nc3 Nc6 6.Bg5 e6 7.Nf3 Be7 8.c5 h6 
9.Bf4 Qa5 10.Bd2 Qd8 11.Bb5 Bd7 12.O-O O-O 13.Re1 a6 14.Bxc6 Bxc6 15.Ne5 
Nd7 16.Nxc6 bxc6 17.b4 Qc7 18.Qg4 Nf6 19.Qf3 Nh7 20.Bf4 Qd7 21.h3 Bf6 22.
Qd3 Bd8 23.a4 Bc7 24.Bxc7 Qxc7 25.b5 axb5 26.axb5 Nf6 27.Reb1 cxb5 28.Nxb5
Qc6 29.Nd6 Rxa1 30.Rxa1 Ra8 31.Rb1 Nd7 32.Qf3 f6 33.Qg4 Nf8 34.Rb7 1-0

[Event "1994/95 Cepacol Australian Open"]
[Site "Kings Perth Hotel"]
[Date "1994.12.30"]
[Round "3"]
[White "Field, Jason"]
[Black "Hirschhorn, Jeremy"]
[Result "1/2-1/2"]
[WhiteElo "1786"]
[BlackElo "1987"]
[EventDate "1994.12.28"]
[PlyCount "120"]

1.e4 c5 2.d4 cxd4 3.c3 d5 4.exd5 Qxd5 5.cxd4 Nc6 6.Nf3 Bg4 7.Nc3 Bxf3 8.
gxf3 Qxd4 9.Qxd4 Nxd4 10.Nb5 e5 11.Nc7+ Kd7 12.Nxa8 Bb4+ 13.Kd1 Ne7 14.a3 
Bd6 15.Nb6+ axb6 16.Be3 Nec6 17.Bc4 f5 18.Rg1 g6 19.Bxd4 Nxd4 20.Bd5 Kc8 
21.Rc1+ Bc7 22.Rc4 Rd8 23.Rxd4 exd4 24.Be6+ Kb8 25.h4 Re8 26.Bc4 Bf4 27.
Kc2 Re7 28.a4 Kc7 29.Kd3 Kd6 30.Kxd4 Be5+ 31.Kd3 Kc5 32.Bb5 Bf6 33.Rh1 
Bxb2 34.Rb1 Bf6 35.Rc1+ Kd6 36.Rh1 Rc7 37.Bc4 Ke5 38.h5 Rd7+ 39.Ke2 Rd4 
40.Bg8 Rxa4 41.Bxh7 Ra2+ 42.Kd3 Rxf2 43.Ke3 Rg2 44.f4+ Ke6 45.Bxg6 b5 46.
Kf3 Rd2 47.Re1+ Kd6 48.Bxf5 Kc5 49.Rc1+ Kd6 50.Be4 b4 51.Bxb7 b3 52.Be4 b2
53.Rc6+ Ke7 54.Rb6 Rd6 55.Rxd6 Kxd6 56.Kg4 Ke6 57.h6 Kf7 58.Kh5 b1=Q 59.
Bxb1 Kg8 60.Kg6 Ba1 1/2-1/2

[Event "1994/95 Cepacol Australian Open"]
[Site "Kings Perth Hotel"]
[Date "1994.12.30"]
[Round "3"]
[White "Hanks, John N"]
[Black "Chai, Patrick"]
[Result "1-0"]
[WhiteElo "1903"]
[BlackElo "1632"]

1.d4 Nf6 2.c4 e6 3.Nf3 d5 4.Bg5 c6 5.e3 Be7 6.Nc3 Nbd7 7.Qc2 h6 8.Bf4 Nh5 
9.Be5 Nhf6 10.Rd1 Nxe5 11.Nxe5 Bd6 12.Be2 O-O 13.O-O Qc7 14.f4 dxc4 15.
Nxc4 Nd5 16.Rf3 Nxc3 17.Qxc3 Be7 18.Ne5 Rd8 19.Rc1 Bf6 20.Ng4 Qe7 21.Nxf6+
Qxf6 22.Rf2 Bd7 23.Qb3 b6 24.Bf3 Rac8 25.Rfc2 c5 26.dxc5 Rxc5 27.Rxc5 bxc5
28.Rxc5 Be8 29.Qc3 Qxc3 30.Rxc3 g6 31.Kf2 Bb5 32.Ke1 Rd6 33.Ra3 a6 34.Be2 
Bxe2 35.Kxe2 Kf8 36.Rd3 Rb6 37.b3 Ke7 38.Rd4 Rc6 39.Kd2 Rc5 40.g4 h5 41.h3
Ra5 42.a4 hxg4 43.hxg4 Rc5 44.g5 e5 45.b4 Rc6 46.Re4 Rd6+ 47.Kc3 Rd5 48.
Rxe5+ Rxe5 49.fxe5 Ke6 50.Kd4 Kf5 51.b5 axb5 52.axb5 1-0

[Event "1994/95 Cepacol Australian Open"]
[Site "Kings Perth Hotel"]
[Date "1994.12.30"]
[Round "3"]
[White "Haasse, Adam"]
[Black "Salter, Michael"]
[Result "0-1"]
[WhiteElo "1659"]
[BlackElo "1883"]

1.e4 c5 2.Nf3 d6 3.d4 cxd4 4.Nxd4 Nf6 5.Nc3 a6 6.Be2 e5 7.Nb3 Be7 8.Be3 
Be6 9.O-O O-O 10.a4 Nbd7 11.f4 exf4 12.Rxf4 Ne5 13.Nd4 Re8 14.Nf5 Bf8 15.
Bd4 g6 16.Ne3 Bh6 17.Rf1 Bg7 18.Qe1 Nc6 19.Bxf6 Bxf6 20.Bd3 Nb4 21.Kh1 Rc8
22.Rb1 d5 23.Qf2 Bd4 24.Ne2 dxe4 25.Bxe4 Bxe3 26.Qxe3 Bc4 27.Qf3 Bxe2 28.
Qxe2 f5 29.Rbd1 Qc7 30.c3 Rxe4 31.Qd2 Nc6 32.Qd5+ Kg7 33.Qd7+ Qxd7 34.
Rxd7+ Re7 35.Rfd1 Re8 36.h4 Rxd7 37.Rxd7+ Re7 38.Rd2 Kf6 39.h5 gxh5 40.b4 
h4 41.b5 axb5 0-1

[Event "1994/95 Cepacol Australian Open"]
[Site "Kings Perth Hotel"]
[Date "1994.12.30"]
[Round "3"]
[White "Low, Sam"]
[Black "Shaw, Robin"]
[Result "1-0"]
[WhiteElo "1852"]
[BlackElo "1725"]

1.e4 g6 2.d4 Bg7 3.Nc3 c5 4.d5 d6 5.f4 Nh6 6.Nf3 Bg4 7.Bb5+ Nd7 8.h3 a6 9.
Be2 Bxf3 10.Bxf3 f5 11.O-O Qa5 12.Bd2 b5 13.exf5 Nxf5 14.Ne4 Qb6 15.c3 c4+
16.Kh2 Bh6 17.Qe1 O-O 18.g4 Nd4 19.cxd4 Qxd4 20.Bc3 Bxf4+ 21.Ng3 Bxg3+ 22.
Kxg3 Qf4+ 23.Kg2 Nc5 24.Qxe7 Rf7 25.Qe2 Raf8 26.Qd2 Nd3 27.Qxf4 Nxf4+ 28.
Kg3 Nd3 29.Bg2 b4 30.Rxf7 Rxf7 31.Bd4 Rc7 32.Bf1 Nc5 33.Bxc5 Rxc5 34.Rc1 
c3 35.bxc3 bxc3 36.Bxa6 Kg7 37.Kf3 Kf6 38.Ke4 Ra5 39.Bc4 Ra3 40.Bb3 Ra8 
41.Rxc3 1-0

[Event "1994/95 Cepacol Australian Open"]
[Site "Kings Perth Hotel"]
[Date "1994.12.30"]
[Round "3"]
[White "Koshnitsky, Ngan"]
[Black "Suryadinata, Henry"]
[Result "1-0"]
[WhiteElo "1948"]
[BlackElo "1833"]

1.Nf3 g6 2.d4 Bg7 3.g3 d6 4.Bg2 c6 5.O-O Qa5 6.c4 Qh5 7.Nc3 Bh3 8.Qb3 b6 
9.d5 Nh6 10.e4 O-O 11.Ne2 Bxg2 12.Kxg2 cxd5 13.cxd5 Qg4 14.Bf4 Na6 15.h3 
Qd7 16.Qd3 Nb4 17.Qd2 f5 18.Qxb4 fxe4 19.Qxe4 Nf7 20.Ned4 Qa4 21.Rfe1 Rfc8
22.Nc6 1-0

[Event "1994/95 Cepacol Australian Open"]
[Site "Kings Perth Hotel"]
[Date "1994.12.30"]
[Round "3"]
[White "Elkington, Derek"]
[Black "Harp, Joel"]
[Result "0-1"]
[WhiteElo "1507"]
[BlackElo "1723"]

1.e4 e6 2.d4 d5 3.e5 c5 4.c3 Nc6 5.Bd3 cxd4 6.cxd4 Nh6 7.Nf3 Nf5 8.Bxf5 
exf5 9.O-O Be7 10.Nc3 Be6 11.a3 Rc8 12.Ne2 g5 13.Ng3 f4 14.Nh5 Bg4 15.Nf6+
Bxf6 16.exf6 Qxf6 17.Re1+ Kf8 18.h3 Bxf3 19.Qxf3 Nxd4 20.Qg4 Kg7 21.Rd1 h6
22.Rd3 Rhe8 23.Qd1 Nc2 24.Bd2 Nxa1 25.Bc3 Rxc3 26.Rxc3 d4 27.Rf3 Qe5 28.
Qxa1 Qe1+ 29.Qxe1 Rxe1+ 30.Kh2 Kf6 31.Rd3 Ke5 32.f3 Re3 33.Rd2 d3 34.Kg1 
Kd4 35.Kf1 a5 36.Kf2 a4 37.g3 Re2+ 38.Rxe2 dxe2 39.Kxe2 fxg3 40.Kf1 f5 0-1

[Event "1994/95 Cepacol Australian Open"]
[Site "Kings Perth Hotel"]
[Date "1994.12.30"]
[Round "3"]
[White "Meyer, Paul"]
[Black "COMP Novag Diamond"]
[Result "1-0"]
[WhiteElo "1805"]
[BlackElo "2100"]

1.d4 g6 2.e4 Bg7 3.Nf3 d6 4.c4 Nc6 5.Nc3 Nf6 6.Be2 Qd7 7.h3 O-O 8.Be3 Re8 
9.Qd2 e5 10.d5 Nd4 11.Bd1 Nxe4 12.Nxe4 Nxf3+ 13.Bxf3 f5 14.Bh6 fxe4 15.
Bxe4 Qa4 16.b3 Bxh6 17.Qxh6 Qa5+ 18.Ke2 Re7 19.g4 Rf7 20.Qe3 Bd7 21.f3 Qb6
22.Rac1 Qxe3+ 23.Kxe3 Kf8 24.c5 Ke7 25.Rc3 Raf8 26.Rf1 Bb5 27.Rf2 Ba6 28.
b4 Bb5 29.Bc2 Rf4 30.Be4 R4f6 31.Ra3 a6 32.Rc3 R8f7 33.a3 Rf8 34.Bc2 Rf4 
35.Be4 R4f7 36.Rc1 Kd7 37.Ra1 Ba4 38.Rc1 Rf6 39.Rh2 h6 40.Rf2 Ke7 41.Rg1 
b6 42.c6 a5 43.bxa5 bxa5 44.Rb1 Rc8 45.Re2 h5 46.Ree1 hxg4 47.hxg4 Rf4 48.
Bxg6 Kf6 49.Be4 Rh8 50.Rg1 Kg5 51.Rb7 Rf7 52.Rbb1 Rh2 53.Rh1 Rxh1 54.Rxh1 
Rg7 55.Rh5+ Kf6 56.Rh8 Bb3 57.Kf2 a4 58.Kg3 Bc4 59.Kh4 Kf7 60.g5 Rg8 61.
Rh7+ Rg7 62.g6+ Kf6 63.Rxg7 Kxg7 64.Kg5 Ba6 65.Kf5 Bc8+ 66.Kg5 Ba6 67.Kh4 
Bc4 68.Kg3 Be2 69.Kf2 Bd1 70.Ke1 Bb3 71.Kd2 Ba2 72.Kc3 Kf6 73.Kb4 Kg7 74.
Ka5 Bc4 75.Kxa4 Kf6 76.Kb4 Bf1 77.a4 Ba6 78.a5 Bf1 79.Kc3 Bh3 80.Bd3 Bc8 
81.a6 Bxa6 82.Bxa6 Kxg6 83.Bd3+ Kg5 84.Be4 Kf6 85.Kb4 Ke7 86.Ka5 1-0

[Event "1994/95 Cepacol Australian Open"]
[Site "Kings Perth Hotel"]
[Date "1994.12.30"]
[Round "3"]
[White "Fitzpatrick, Simon"]
[Black "Telfer, Kenneth"]
[Result "1-0"]
[WhiteElo "2020"]
[BlackElo "1721"]

1.d4 d5 2.Nf3 Nf6 3.g3 Bg4 4.Ne5 Bf5 5.Bg2 c6 6.O-O Nbd7 7.c4 e6 8.cxd5 
cxd5 9.Qb3 Qb6 10.Qxb6 Nxb6 11.Nc3 a6 12.Bf4 Bb4 13.Rfc1 Rc8 14.Na4 Rxc1+ 
15.Rxc1 Nxa4 16.Rc8+ Ke7 17.Rxh8 Ne8 18.e4 dxe4 19.g4 f6 20.gxf5 fxe5 21.
Bg5+ Kf7 22.fxe6+ Kg6 23.Bc1 Nf6 24.dxe5 Ng4 25.Bxe4+ Kh5 26.Rxh7+ Nh6 27.
Rxg7 1-0

[Event "1994/95 Cepacol Australian Open"]
[Site "Kings Perth Hotel"]
[Date "1994.12.30"]
[Round "3"]
[White "Dunlop, Gordon"]
[Black "Wastell, Gary"]
[Result "1/2-1/2"]
[WhiteElo "1783"]
[BlackElo "1864"]

1.e4 Nf6 2.e5 Nd5 3.d4 d6 4.c4 Nb6 5.Nf3 g6 6.Nc3 Bg7 7.exd6 cxd6 8.Be2 
O-O 9.O-O Bg4 10.Be3 Nc6 11.c5 dxc5 12.dxc5 Bxf3 13.cxb6 Qxd1 14.Bxd1 Bxd1
15.Rfxd1 axb6 16.Rd7 Rfd8 17.Rxb7 Na5 18.Rxe7 Nc4 19.Nd1 Rxa2 20.Re8+ Bf8 
21.Rxd8 Rxa1 22.Kf1 Nxb2 23.Ke2 Rxd1 24.Rb8 Kg7 25.Rxb6 Nc4 26.Kxd1 Nxb6 
27.Bxb6 1/2-1/2

[Event "1994/95 Cepacol Australian Open"]
[Site "Kings Perth Hotel"]
[Date "1994.12.30"]
[Round "3"]
[White "Silas, Frank"]
[Black "Anton, Bernard"]
[Result "1-0"]
[WhiteElo "1780"]
[BlackElo "1540"]

1.b3 e5 2.Bb2 d6 3.d4 Nc6 4.d5 Nce7 5.e4 a6 6.a4 g6 7.Nd2 Bg7 8.f4 Nh6 9.
Ngf3 Bg4 10.Be2 f6 11.fxe5 fxe5 12.Ng5 Nxd5 13.exd5 Qxg5 14.O-O Qe3+ 15.
Rf2 Rf8 16.Nf3 Bd7 17.Qd2 Qa7 18.h3 Nf5 19.g4 Nh4 20.Qd3 O-O-O 21.Qe4 Rf4 
22.Qxf4 exf4 23.Bxg7 Nxf3+ 24.Bxf3 Rg8 25.Bf6 h5 26.c3 Qe3 27.Bd4 Qe7 28.
Rh2 c6 29.b4 c5 30.bxc5 dxc5 31.Bf2 hxg4 32.hxg4 g5 33.a5 Qd6 34.Kg2 Kb8 
35.Rb1 Bb5 36.Rh7 Rd8 37.c4 Bd7 38.Rb6 Qc7 39.Rg7 Qe5 40.Rh7 Qc3 41.d6 
Qxa5 42.Rxb7+ Kc8 43.Ra7 Qb6 44.Ra8+ Qb8 45.Rxa6 1-0

[Event "1994/95 Cepacol Australian Open"]
[Site "Kings Perth Hotel"]
[Date "1994.12.30"]
[Round "3"]
[White "Pavlovic, Mick"]
[Black "Chambers, Matthew"]
[Result "1-0"]
[WhiteElo "1589"]
[BlackElo "1750"]

1.e4 c5 2.Nf3 d6 3.d4 cxd4 4.Nxd4 Nf6 5.Nc3 g6 6.f3 Bg7 7.Be3 O-O 8.Qd2 
Nc6 9.Bc4 Bd7 10.Bb3 Qa5 11.Nxc6 bxc6 12.Bh6 Rfc8 13.Bxg7 Kxg7 14.Bc4 Rab8
15.b3 e6 16.Ne2 Qe5 17.O-O d5 18.exd5 cxd5 19.Bd3 Bb5 20.Bxb5 Rxb5 21.c3 
Ne8 22.Rac1 Qc7 23.Rc2 Nd6 24.Rfc1 Nf5 25.Nd4 Qb6 26.Kf1 Nxd4 27.Qxd4+ Kh6
28.Qxb6 axb6 29.Ke2 Kg5 30.c4 Rbc5 31.Kd3 Kf4 32.b4 dxc4+ 33.Rxc4+ Rxc4 
34.Rxc4+ Rxc4 35.Kxc4 f5 36.a4 e5 37.a5 e4 38.fxe4 fxe4 39.axb6 Ke3 40.b7 
Kd2 41.b8=Q e3 42.Qd6+ Ke1 43.Kd3 1-0

[Event "1994/95 Cepacol Australian Open"]
[Site "Kings Perth Hotel"]
[Date "1994.12.30"]
[Round "3"]
[White "Dwyer, Daniel"]
[Black "Pike, David"]
[Result "1-0"]
[WhiteElo "1718"]
[BlackElo "1435"]

1.e4 c5 2.Nf3 Nc6 3.d4 cxd4 4.Nxd4 Nf6 5.Nc3 e6 6.Ndb5 d6 7.Bf4 e5 8.Bg5 
a6 9.Na3 Be7 10.Bxf6 Bxf6 11.Nc4 Be7 12.Nd5 O-O 13.Nxe7+ Qxe7 14.Qxd6 Qxd6
15.Nxd6 Rd8 16.Nxc8 Raxc8 17.c3 Rd6 18.Be2 Rcd8 19.Rd1 b5 20.h4 Kf8 21.
Rxd6 Rxd6 22.Rh3 Ke7 23.Rd3 Re6 24.Bg4 Rg6 25.f3 h5 26.Bh3 Na5 27.Rd7+ Ke8
28.Rd5 f6 29.b3 Nb7 30.Kf2 Nd8 31.Bf5 Rh6 32.Bc8 Rg6 33.Bxa6 Ne6 34.Bxb5+ 
Ke7 35.g3 1-0

[Event "1994/95 Cepacol Australian Open"]
[Site "Kings Perth Hotel"]
[Date "1994.12.30"]
[Round "3"]
[White "Tindall, Brett"]
[Black "Ninchich, Milan"]
[Result "0-1"]
[WhiteElo "1851"]
[BlackElo "1563"]

1.e4 e5 2.Bc4 Nf6 3.d3 Nc6 4.Nf3 Be7 5.O-O O-O 6.c3 d6 7.b4 a6 8.a4 Bg4 9.
Nbd2 h6 10.Qb3 Nh5 11.d4 Nf4 12.Bb2 Qc8 13.Ne1 Bg5 14.f3 Bh5 15.Qc2 exd4 
16.cxd4 Nxb4 17.Qc3 Nc6 18.Nd3 Ne2+ 0-1